El canto gregoriano

Сохранить в:
Библиографические подробности
Главный автор: Valois, Jean de (Автор)
Формат:
Язык:испанский
Опубликовано: Buenos Aires Eudeba 1965
Редактирование:1a. ed
Серии:Cuadernos de Eudeba, 143
Предметы:
Метки: Добавить метку
Нет меток, Требуется 1-ая метка записи!

MARC

LEADER 00000cam a2200000 a 4500
001 UCN2452
003 CL-VaPUC
008 010518e19650000AG |||||||||||||||||spa|d
082 0 4 |a 782.3222  |b VAL  |2 21 
100 0 |a Valois, Jean de  |e author  |9 458363 
245 1 3 |a El canto gregoriano 
250 |a 1a. ed 
300 |a 109 p 
942 |c BK 
945 |d 20010518 00:00:00  |a crobeson 
260 |a Buenos Aires  |b Eudeba  |c 1965 
650 0 |a Canto gregoriano  |9 332477 
650 0 |a Música sacra  |9 306656 
650 0 |a Música vocal   |9 306287 
650 0 |a Música medieval  |9 391244 
583 |a last modification  |c 20160726 01:29:30  |k Rodrigo Vera 
490 0 |a Cuadernos de Eudeba, 143 
999 |c 295553  |d 295551 
952 |0 0  |1 0  |4 0  |6 782_322200000000000_VAL_1965  |7 0  |8 A  |9 348797  |a BIBEDU  |b BIBEDU  |d 2019-11-20  |i 1183869  |o 782.3222 VAL 1965  |p 1183869  |r 2023-01-12  |w 2019-11-20  |y BK  |k MUS 
952 |0 0  |1 0  |3 erb  |4 0  |6 782_322200000000000_VAL_1965  |7 0  |8 P  |9 348798  |a BIBTEO  |b BIBTES  |c TEO_FTES  |e Villagrán Garnham, Jorge  |i 5317517  |l 1  |o 782.3222 VAL 1965  |p 5317517  |r 2024-01-18  |s 2023-04-12  |w 2019-11-20  |y BK  |z Catalogado en:20160731  |k ICR